| 000 | 00769nam a22002057a 4500 | ||
|---|---|---|---|
| 005 | 20100811102855.0 | ||
| 010 | _aENG-99600 | ||
| 020 |
_a9788173198120 _c100.00 |
||
| 035 | _aEN-83132 | ||
| 037 | _bDBAD/PUB | ||
| 082 | _a005.133 | ||
| 100 |
_aGoyal, A. K. _911472 |
||
| 245 |
_aThe C programming language / _cby A. K. Goyal |
||
| 260 |
_aNew Delhi _bNarosa Publishing House _c2008 |
||
| 270 |
_a22 Delhi Medical Association Raod, Daryaganj _bNew Delhi _e110002 |
||
| 300 |
_axviii, 191p. _c24cm (pbk) |
||
| 650 |
_aC+Computer programme language _911473 |
||
| 942 |
_2ddc _cEN _h005.133 _mGOY |
||
| 999 |
_c40821 _d40821 |
||